| 000 | 00581nam a2200169Ia 4500 | ||
|---|---|---|---|
| 020 | _a(hb) | ||
| 082 |
_a512.904 _bDOL _cL-1, P-32 |
||
| 100 |
_aDolciani, Mary P. _939143 |
||
| 245 |
_aModern school mathematics _bAlgebra 1 _cMarry P. Dolciani, William Wooton, Edwin F. Beckenbach, Ray C, Jurgensen, Alfred J. Donnelly, |
||
| 260 |
_aBoston _bHoughton Mifflin Company _c1970 |
||
| 300 | _a652p :ill. | ||
| 526 |
_a0 _b0 _c0 _d512_904000000000000_DOL |
||
| 650 |
_aAlgebra -- Study and Teaching _939144 |
||
| 650 |
_aMCE _9379 |
||
| 700 |
_aDolciani- Mary P. _939145 |
||
| 942 |
_2ddc _cBK |
||
| 999 |
_c543681 _d543681 |
||